000
00380nam a2200181Ia 4500
005
20250603145848.0
008
250603s9999 xx 000 0 und d
020
_a
9788131711583
050
_a
QR 181 .K43/
100
_a
Khan, Fahim Halim
245
0
_a
c
260
_a
Boston
260
_b
Pearson
260
_c
2009
300
_a
470 p
650
_a
Boston
942
_c
BK
999
_c
43077
_d
43077